| 000 | 01241cam a2200349 a 4500 | ||
|---|---|---|---|
| 999 |
_c19646 _d19646 |
||
| 001 | 12327526 | ||
| 003 | BDDh-ASL | ||
| 005 | 20231015025808.0 | ||
| 008 | 001206s2000 ii b 001 0 eng | ||
| 010 | _a 00403631 | ||
| 020 | _a8173043612 | ||
| 025 | _aI-E-00-403631; 63-08 | ||
| 035 | _a(DLC) 00403631 | ||
| 037 |
_bLibrary of Congress -- New Delhi Field Office _cRs375.00 |
||
| 040 |
_aDLC _cDLC _dBDDh-ASL |
||
| 042 | _alcode | ||
| 043 |
_aaz----- _aa-ii--- |
||
| 050 | 0 | 0 |
_aDS341 _b.R68 2000 |
| 082 |
_a300.954 _bROR |
||
| 100 | 1 |
_aRothermund, Dietmar, _d1933- |
|
| 245 | 1 | 4 |
_aThe role of the state in South Asia and other essays / _cDietmar Rothermund. |
| 260 |
_aNew Delhi : _bManohar Publishers & Distributors, _c2000. |
||
| 300 |
_ax, 183 p. : _c22 cm. |
||
| 504 | _aIncludes bibliographical references and index. | ||
| 520 | _aWith special reference to India on its state and market, rural/urban divide in economic, social terms, and a study on Indian historiography, etc. | ||
| 650 | 0 |
_aHistoriography _zIndia. |
|
| 651 | 0 |
_aSouth Asia _xPolitics and government. |
|
| 651 | 0 |
_aIndia _xHistory. |
|
| 906 |
_a7 _bcbc _corigode _d3 _encip _f20 _gy-gencatlg |
||
| 942 |
_2ddc _cBK |
||